Culture générale - Statistiques

Statistiques générales
  • Ce quiz a été pris 65 fois
  • Le résultat moyen est 5 sur 15
Statistiques - réponses
Questions Réponses % Correct
Quel joueur de football s'est vu recevoir le Ballon d'or en 2025 ? Ousmane Dembélé
80%
Qui est le réalisateur des films Avatar ? James Cameron
58%
Où se trouve le lac Baïkal ? Russie
58%
Sur quel texte d'un célèbre médecin et philosophe de la Grèce Antique les médecins prêtent-ils serment aujourd'hui ? Serment d'Hippocrate
49%
Quel est le véritable nom du célèbre boxeur Mohamed Ali ? Cassius Clay
47%
Dans quel film sorti en 2013, Adèle Exarchopoulos et Léa Seydoux jouent le rôle de deux jeunes femmes tombant follement amoureuses ? La Vie d'Adèle
46%
Quelle chaine de montagnes peut être considérée comme la séparation entre l'Europe de l'Asie ? Oural
44%
Quel est le nom de la première femme à devenir Première ministre en France en 1991 ? Edith Cresson
42%
Quel célèbre architecte a imaginé et réalisé les plans de la Cité Radieuse dans le 8ème arrondissement de Marseille ? Le Corbusier
36%
Quel est le nom de la grande offensive alliée lancée par les États-Unis le 6 juin 1944, appelée "débarquement" en France ? Opération Overlord
29%
Avant l'euro, quelle monnaie était utilisée en Allemagne ? Deutsche mark
24%
Quelle bataille, symbole de la conquête de l'Angleterre par les Normands au Moyen-Âge, se déroule le 14 octobre 1066 ? Hastings
19%
Quel organe du corps humain est souvent comparé à un papillon de part sa forme ? Thyroïde
10%
Quel président égyptien est assassiné le 6 octobre 1981 et est également connu pour avoir signé les accords de Camp David en 1978 ? Anouar El-Sadate
8%
Dans quel série peut-on suivre le quotidien des agents immobiliers de luxe du groupe Oppenheim à Los Angeles ? Selling Sunset
0%
Aucun quiz correspondant
Distribution des résultats
% des personnes avec chaque résultat
Percentile par nombre de réponses
Votre historique - résultats
Vous n’avez pas pris ce quiz